| 000 | 00569cas a2200157 4500 | ||
|---|---|---|---|
| 008 | 130715n eng u | ||
| 022 | _a02589001 | ||
| 035 | _a(Sirsi) a179735 | ||
| 050 | _aDT1.J6 | ||
| 245 | _aJournal of Contemporary African Studies | ||
| 260 |
_aGrahamstown: _bInstitute of Social and Economic Research |
||
| 310 | _aQuarterly | ||
| 362 | _aVol. 1, No. 1, 1981 - Vol. 33, No. 1, 2015 | ||
| 520 | _aThis journal publishes articles on research and writing in social sciences particularly in African Studies. | ||
| 650 | _aContemporary African Studies | ||
| 999 |
_c9516 _d9516 |
||